Pracovný zošit k Čítanke pre 2. ročník základných škôl

Bibliographic Details
Main Authors: Benková, Soňa (Author), Kolmóssyová, Helena (Author), Pavlovič, Jozef, 1934-2020 (Author)
Other Authors: Valko, Alexander (Illustrator)
Format: Book
Language:Slovak
PhysicalDescription:64 s. ilustr. 29 cm
Published: Bratislava Orbis Pictus Istropolitana 2005
ISBN:807158584X (brož.)
Edition:[ 1. vyd.]
Subjects:

MARC

LEADER 00000nam a2200000 a 4500
001 vtls008181735
003 SK-MaSNL
005 20260302074036.0
008 160610s2005 xo a b p 000 0 slo
015 |a SNBA2005/09-03610 
020 |a 807158584X (brož.) 
035 |a BBB51A03-276C-4244-937F-CF54D62EE7AB 
035 |a urn:nbn:sk:snk-amkr5x 
035 |a urn:nbn:sk:snk-am005fc9 
040 |a SNK  |b slo  |c SNK  |e AACR2 
041 0 |a slo 
044 |a xo 
072 7 |a 37.016  |x Učebné osnovy. Vyučovacie predmety. Učebnice  |2 konspekt 
072 7 |a 82.0  |x Literatúra (teória)  |2 konspekt 
080 |a (075.2)  |2 1997 
080 |a (076.1)  |2 1997 
080 |a 37.016:82  |2 1997 
245 1 |a Pracovný zošit k Čítanke pre 2. ročník základných škôl  |c [autori: Kamila Štefeková ... [et al.]; ilustrácie Alexander Valko] 
250 |a [ 1. vyd.] 
260 |a Bratislava  |b Orbis Pictus Istropolitana  |c 2005 
300 |a 64 s.  |c ilustr.  |c 29 cm 
500 |a Ilustr. na tit. strane 
650 0 7 |a literárna výchova  |2 SNKPH  |9 1653 
655 7 |a učebnice základných škôl  |2 SNKPH  |9 70187 
655 7 |a pracovné zošity  |2 SNKPH  |9 70188 
700 1 |a Valko, Alexander  |4 ill  |9 294148 
700 1 |a Benková, Soňa  |4 aut  |9 5017 
700 1 |a Kolmóssyová, Helena  |4 aut  |9 689673 
700 1 |a Pavlovič, Jozef,  |d 1934-2020  |4 aut  |9 200363 
919 |a 80-7158-584-X 
968 |d 37 
999 |c 1163396  |d 1165326 
952 |a SNK  |b SNK  |y PREZ  |7 0  |p 17A0476771  |o snkSB 70671  |i snk2005/11344  |8 0  |0 0  |1 0  |4 0  |d 2005-06-29  |l 0  |r 2025-04-22 00:00:00  |w 2026-02-24 
952 |a SNK  |b SNK  |y VYP  |7 0  |p 17A0708607  |o snkSB 70671 D1  |i snk2005/11345  |8 0  |0 0  |1 0  |4 0  |d 2005-06-29  |f 1  |l 0  |r 2016-06-30 00:00:00  |w 2026-02-24